Most Popular Boy Names in Ireland - 2012 - Statistics

General Stats
  • This quiz has been taken 384 times
  • The average score is 31 of 72
Answer Stats
Rank Name % Correct
25 John
90%
2 James
86%
10 Michael
81%
4 Sean
78%
1 Jack
76%
21 Patrick
76%
27 David
73%
48 Mark
73%
3 Daniel
71%
13 Liam
71%
51 William
70%
17 Thomas
67%
24 Matthew
65%
7 Harry
64%
11 Luke
62%
49 Robert
62%
5 Conor
61%
8 Ryan
61%
60 Andrew
60%
34 Ben
60%
70 Kevin
59%
44 Joseph
54%
46 Sam
53%
58 Tom
53%
6 Adam
50%
18 Alex
50%
26 Nathan
46%
59 Oliver
46%
22 Aaron
45%
30 Ethan
44%
64 Jacob
44%
41 Joshua
44%
12 Charlie
40%
36 Eoin
40%
31 Jake
38%
47 Shane
37%
62 Ciaran
36%
19 Noah
36%
42 Rory
36%
50 Aidan
35%
15 Cian
35%
16 Jamie
35%
9 Dylan
33%
32 Kyle
33%
71 Lucas
33%
72 Alan
32%
38 Finn
32%
40 Samuel
32%
68 Benjamin
31%
29 Evan
31%
54 Alexander
30%
14 Oisin
30%
61 Oscar
29%
52 Ronan
29%
39 Callum
27%
23 Cillian
27%
20 Darragh
26%
28 Fionn
25%
55 Leon
25%
57 Mason
23%
35 Max
23%
56 Cathal
22%
53 Eoghan
22%
43 Jayden
20%
45 Tyler
18%
69 Cormac
17%
67 Scott
16%
37 Tadhg
16%
63 Bobby
13%
33 Rian
12%
66 Rhys
11%
65 Senan
9%
No matching quizzes found
Score Distribution
Percent of People with Each Score
Percentile by Number Answered
Your Score History
You have not taken this quiz